Economic development of Great Britain, (Record no. 85685)

MARC details
000 -LEADER
fixed length control field 00762cam a2200265 4500
001 - CONTROL NUMBER
control field sa 68014311
003 - CONTROL NUMBER IDENTIFIER
control field DLC
005 - DATE AND TIME OF LATEST TRANSACTION
control field 20260227112630.0
008 - FIXED-LENGTH DATA ELEMENTS--GENERAL INFORMATION
fixed length control field 700204s1967 pk b 00010 eng
010 ## - LIBRARY OF CONGRESS CONTROL NUMBER
LC control number sa 68014311
025 ## - OVERSEAS ACQUISITION NUMBER
Overseas acquisition number PL480:EP-E-392
050 0# - LIBRARY OF CONGRESS CALL NUMBER
Classification number HC253
Item number .A58
082 ## - DEWEY DECIMAL CLASSIFICATION NUMBER
Classification number 330.942
100 10 - MAIN ENTRY--PERSONAL NAME
Personal name Ali, A.
245 10 - TITLE STATEMENT
Title Economic development of Great Britain,
Statement of responsibility, etc. by A. Ali, A. Zaman [and] A. Baset.
250 ## - EDITION STATEMENT
Edition statement [1st ed.]
260 0# - PUBLICATION, DISTRIBUTION, ETC.
Place of publication, distribution, etc. Dacca,
Name of publisher, distributor, etc. Ideal Library
Date of publication, distribution, etc. [1967]
300 ## - PHYSICAL DESCRIPTION
Extent viii, 151 p.
Dimensions 22 cm.
350 ## - PRICE (NR) (BK AM CF MU VM SE) [OBSOLETE]
Price 5.50
490 0# - SERIES STATEMENT
Series statement Economic development series no. 2
504 ## - BIBLIOGRAPHY, ETC. NOTE
Bibliography, etc. note Bibliography: p. [148]
651 #0 - SUBJECT ADDED ENTRY--GEOGRAPHIC NAME
Geographic name Great Britain
General subdivision Economic conditions.
700 10 - ADDED ENTRY--PERSONAL NAME
Personal name Baset, A.,
Relator term joint author.
700 10 - ADDED ENTRY--PERSONAL NAME
Personal name Zaman, A.,
Relator term joint author.

No items available.

Powered by Koha